Rosco de Pasapalabra #56 - Estadísticas

Estadísticas generales
  • Esta prueba ha sido intentada 238 veces
  • La puntuación promedio es 13 de 25
Estadísticas de respuestas
Inicial Definición Respuesta % Correcto
E Persona que asiste a un espectáculo público Espectador
89%
I Taller o lugar donde se imprime Imprenta
83%
D Empleado que tiene a su cargo atender a los clientes en las tiendas Dependiente
81%
U Se dice del hijo que carece de hermanos Único
81%
R Juego de azar que consiste en lanzar una bolita sobre una rueda giratoria dividida en casillas numeradas Ruleta
79%
O Cachorro del oso Osezno
78%
L Pieza metálica central de una rueda, sobre la que se monta el neumático Llanta
73%
Contiene la Q Abundancia de bienes o de dinero que se posee Riqueza
69%
Contiene la X Eliminar las células muertas de la piel Exfoliar
63%
F Membrana que sujeta la lengua a la parte inferior de la boca Frenillo
63%
H Mezcla visible de gases producida por la combustión de una sustancia, generalmente compuesta de carbono Humo
63%
Contiene la Ñ Pedazos o piezas pequeñas en que se divide algo al romperse Añicos
60%
A Nota de entrega que firma la persona que recibe una mercancía Albarán
59%
M Prenda, generalmente de encaje, usada por las mujeres para cubrir la cabeza y los hombros en fiestas y actos solemnes Mantilla
54%
Contiene la Y Situado en la inmediación o proximidad de algo Adyacente
45%
B Medicamento compuesto de sustancias comúnmente aromáticas, que se aplica como remedio en heridas y llagas Bálsamo
45%
T Artificio o procedimiento para producir un efecto especial o un ilusión en la magia, el cine y la fotografía Truco
42%
J Conjunto de las sentencias de los tribunales, y doctrina que contienen Jurisprudencia
41%
C Soltería, especialmente la de quien ha hecho voto de castidad Celibato
40%
Z Segunda persona del plural del condicional simple de indicativo del verbo zozobrar Zozobraríais
35%
P Delito consistente en que una autoridad, un juez o un funcionario dicte a sabiendas una resolución injusta Prevaricación
31%
V Moneda de oro que valía veinte reales Veintén
5%
G En marina, cada una de las vueltas que da un cabo alrededor de algo Guarne
1%
N Macizo montañoso del sur de la India, situado en el estado de Tamil Nadu, cuyo punto más alto es el pico Doda Betta Nilgiri
1%
S Apellido del escultor autor de la Fuente de la Boticaria, situada en el Jardín de la Isla, en la localidad madrileña de Aranjuez Silici
1%
No se encontraron pruebas coincidentes
Distribución de puntuación
Porcentaje de gente con cada puntuación
Porcentaje por número respondido
Historial de tus puntuaciones
No has intentado esta prueba.